مكتبة جامعة عجلون الوطنية

فهرس بحث المكتبة

Normal view MARC view
  • ادارة البيئة- حفظ الموارد- سياسة البيئة

Entry Topical Term

Number of records used in: 1

001 - CONTROL NUMBER

  • control field: 30901

003 - CONTROL NUMBER IDENTIFIER

  • control field: JO-AjAnu

005 - DATE AND TIME OF LATEST TRANSACTION

  • control field: 20230606075217.0

008 - FIXED-LENGTH DATA ELEMENTS

  • fixed length control field: 230606|| aca||aabn | a|a d

040 ## - CATALOGING SOURCE

  • Original cataloging agency: JO-AjAnu
  • Transcribing agency: JO-AjAnu

150 ## - HEADING--TOPICAL TERM

  • Topical term or geographic name entry element: ادارة البيئة- حفظ الموارد- سياسة البيئة

670 ## - SOURCE DATA FOUND

  • Source citation: Work cat.: (JO-AjAnu)15869: العزاوي، نجم ؛ م.مشارك: عبد الله النقار, author 30900, إدارة البيئة نظم ومتطلبات وتطبيقات ISO14000